Sociálne zabezpečenie v Európskej únii Poľská republika

Klasifikácia dávok nemocenského poistenia. Systém sociálneho poistenia poľnohospodárov. Odvody poľnohospodárov. Zdravotné poistenie. Dávka v nezamestnanosti, jej vznik a doba poberania.

Enregistré dans:
Détails bibliographiques
Auteur principal: Pastorková, Lenka
Format: Chapitre de livre
Langue:slovaque
Sujets:
Tags: Ajouter un tag
Pas de tags, Soyez le premier à ajouter un tag!

MARC

LEADER 00000naa$a2200000$$$4500
001 0053892
005 20230925074744.6
041 0 |a slo 
044 |a SK 
245 1 0 |a Sociálne zabezpečenie v Európskej únii  |b Poľská republika  |c Lenka Pastorková 
520 |a Klasifikácia dávok nemocenského poistenia. Systém sociálneho poistenia poľnohospodárov. Odvody poľnohospodárov. Zdravotné poistenie. Dávka v nezamestnanosti, jej vznik a doba poberania. 
610 2 0 |a Európska únia 
610 2 0 |a Poľsko 
610 2 0 |a poistenie nemocenské 
610 2 0 |a zabezpečenie sociálne 
610 2 0 |a poistenie zdravotné 
610 2 0 |a dávky poistenia nemocenského 
610 2 0 |a dávky 
610 2 0 |a dôchodky sociálne 
610 2 0 |a dôchodky 
100 1 |a Pastorková, Lenka